"नॉट अ पेनी मोअर, नॉट अ पेनी लेस" (Record no. 334881)

MARC details
000 -LEADER
fixed length control field 00741nam a2200181Ia 4500
008 - FIXED-LENGTH DATA ELEMENTS--GENERAL INFORMATION
fixed length control field 090711s9999 xx 000 0 und d
082 ## - DEWEY DECIMAL CLASSIFICATION NUMBER
Item number 18
100 ## - MAIN ENTRY--PERSONAL NAME
Personal name जेफ्री र्आSार
245 ## - TITLE STATEMENT
Title "नॉट अ पेनी मोअर, नॉट अ पेनी लेस"
260 ## - PUBLICATION, DISTRIBUTION, ETC. (IMPRINT)
Name of publisher, distributor, etc महेता पब्लिकेशन हाऊस
Date of publication, distribution, etc 1999
300 ## - PHYSICAL DESCRIPTION
Extent 203
600 ## - SUBJECT ADDED ENTRY--PERSONAL NAME
Personal name जेफ्री र्आSार
630 ## - SUBJECT ADDED ENTRY--UNIFORM TITLE
Uniform title "नॉट अ पेनी मोअर, नॉट अ पेनी लेस"
700 ## - ADDED ENTRY--PERSONAL NAME
Personal name नरवणे अंजनी
700 ## - ADDED ENTRY--PERSONAL NAME
Personal name जेफ्री र्आSार
730 ## - ADDED ENTRY--UNIFORM TITLE
Uniform title "नॉट अ पेनी मोअर, नॉट अ पेनी लेस"
942 ## - ADDED ENTRY ELEMENTS (KOHA)
Koha item type Book

No items available.